| 000 | 00884cab a2200253 4500 | ||
|---|---|---|---|
| 001 | ABS58031 | ||
| 008 | 090401t1997 xxu||||| |||| 00| 0 eng d | ||
| 035 | _a(Sirsi) u82920 | ||
| 041 | _aeng | ||
| 100 | _aMcCarthy, D. | ||
| 245 | _aIndoor air quality: British firms to pay the price of apathy? | ||
| 260 | _c1997 | ||
| 350 | _a0 | ||
| 490 |
_aFacilities Management _v5(2) December 1997, 18-19(2) |
||
| 520 | _aExamines the problems of poor indoor air quality in commercial environments and the effects on sick building syndrome. Criticises the lack of remedial action taken by UK employers and reviews what can be done. | ||
| 650 | _aINDOOR AIR QUALITY | ||
| 650 | _aSICK BUILDING SYNDROME | ||
| 650 | _aVENTILATION SYSTEMS | ||
| 650 | _aWORKING ENVIRONMENT | ||
| 690 | _aCOMMERCIAL PROPERTY-MANAGEMENT | ||
| 700 | _aQuail, T. | ||
| 942 | _n0 | ||
| 948 | _c05/01/1998 | ||
| 999 |
_c52376 _d52376 |
||